At the Feet of God (Record no. 21020)

MARC details
000 -LEADER
fixed length control field 00292nam a22001337a 4500
082 ## - DEWEY DECIMAL CLASSIFICATION NUMBER
Classification number 294.543 RAM1
100 ## - MAIN ENTRY--AUTHOR NAME
Author name Ramdas, Swami
245 ## - TITLE STATEMENT
Title At the Feet of God
260 ## - PUBLICATION, DISTRIBUTION, ETC. (IMPRINT)
Place of publication Kerala
Name of publisher Anandashram
Year of publication 1928
300 ## - PHYSICAL DESCRIPTION
Number of Pages 130
650 ## - SUBJECT ADDED ENTRY--TOPICAL TERM
Topical Term Spirituality-Hinduism
942 ## - ADDED ENTRY ELEMENTS (KOHA)
Koha item type Books
Holdings
Home library Current library Shelving location Date acquired Source of acquisition Cost, normal purchase price Full call number Accession Number Koha item type
Henry Martyn Institute Library Henry Martyn Institute Library General stacks 08/21/2014 Anandashram 130.00 294.543 RAM1 24681 Books
                   Copyright © 2026 | Henry Martyn Institute | Hyderabad | TS-500052 | INDIA | Implemented by hmi.edu.in
Hit-Count:

Powered by Koha